<?xml version="1.0" encoding="UTF-8"?>
<marc:record xmlns:marc="http://www.loc.gov/MARC21/slim">
   <marc:leader>00000nam a2200000 a 4500</marc:leader>
   <marc:datafield ind1="1" ind2=" " tag="100">
      <marc:subfield code="a">Schwegler, Johann S.</marc:subfield>
      <marc:subfield code="4">aut</marc:subfield>
      <marc:subfield code="e">Verfasser/-in</marc:subfield>
   </marc:datafield>
   <marc:datafield ind1="1" ind2=" " tag="100">
      <marc:subfield code="a">Lucius, Runhild</marc:subfield>
      <marc:subfield code="4">aut</marc:subfield>
      <marc:subfield code="e">Verfasser/-in</marc:subfield>
   </marc:datafield>
   <marc:datafield ind1=" " ind2=" " tag="653">
      <marc:subfield code="a">Anatomie</marc:subfield>
   </marc:datafield>
   <marc:datafield ind1=" " ind2=" " tag="653">
      <marc:subfield code="a">Physiologie</marc:subfield>
   </marc:datafield>
   <marc:datafield ind1=" " ind2=" " tag="653">
      <marc:subfield code="a">Physiologie für Pflegeberufe</marc:subfield>
   </marc:datafield>
   <marc:datafield ind1=" " ind2=" " tag="653">
      <marc:subfield code="a">Esamensvorbeeitung Pflege</marc:subfield>
   </marc:datafield>
   <marc:datafield ind1=" " ind2=" " tag="653">
      <marc:subfield code="a">Pflegeausbildung</marc:subfield>
   </marc:datafield>
   <marc:datafield ind1=" " ind2=" " tag="653">
      <marc:subfield code="a">Anatomie für Pflegeberufe</marc:subfield>
   </marc:datafield>
   <marc:datafield ind1=" " ind2=" " tag="653">
      <marc:subfield code="a">der menschliche Körper</marc:subfield>
   </marc:datafield>
   <marc:datafield ind1=" " ind2=" " tag="653">
      <marc:subfield code="a">Funktionenen menschlicher Körper</marc:subfield>
   </marc:datafield>
   <marc:datafield ind1=" " ind2=" " tag="653">
      <marc:subfield code="a">Lehrbuch Pflegeexamen</marc:subfield>
   </marc:datafield>
   <marc:datafield ind1=" " ind2=" " tag="653">
      <marc:subfield code="a">Medizinische Anatomie</marc:subfield>
   </marc:datafield>
   <marc:datafield ind1=" " ind2=" " tag="653">
      <marc:subfield code="a">102</marc:subfield>
   </marc:datafield>
   <marc:datafield ind1=" " ind2=" " tag="653">
      <marc:subfield code="a">Softcover / Medizin/Pflege</marc:subfield>
   </marc:datafield>
   <marc:datafield ind1=" " ind2=" " tag="653">
      <marc:subfield code="a">Examensvorbereitung Pflege;Anatomie für Pflegeberufe;Funktionenen menschlicher Körper;Physiologie für Pflegeberufe;Lehrbuch Pflegeexamen;Pflegeausbildung;Physiologie;Anatomie;Medizinische Anatomie;der menschliche Körper</marc:subfield>
   </marc:datafield>
   <marc:datafield ind1=" " ind2=" " tag="653">
      <marc:subfield code="a">310</marc:subfield>
   </marc:datafield>
   <marc:datafield ind1=" " ind2=" " tag="653">
      <marc:subfield code="a">Lehrbuch Pflegeexamen;Medizinische Anatomie;Pflegeausbildung;Anatomie für Pflegeberufe;Funktionenen menschlicher Körper;der menschliche Körper;Physiologie;Physiologie für Pflegeberufe;Anatomie;Examensvorbereitung Pflege</marc:subfield>
   </marc:datafield>
   <marc:datafield ind1=" " ind2=" " tag="653">
      <marc:subfield code="a">Lehrbuch</marc:subfield>
   </marc:datafield>
   <marc:datafield ind1="0" ind2="0" tag="245">
      <marc:subfield code="a">Der Mensch - Anatomie und Physiologie</marc:subfield>
   </marc:datafield>
   <marc:datafield ind1="0" ind2="0" tag="245">
      <marc:subfield code="c">Johann Schwegler, Runhild Lucius</marc:subfield>
   </marc:datafield>
   <marc:datafield ind1=" " ind2="1" tag="264">
      <marc:subfield code="a">Stuttgart</marc:subfield>
      <marc:subfield code="b">Georg Thieme Verlag</marc:subfield>
   </marc:datafield>
   <marc:datafield ind1=" " ind2=" " tag="250">
      <marc:subfield code="a">7. überarbeitete Auflage</marc:subfield>
   </marc:datafield>
   <marc:datafield ind1="1" ind2=" " tag="520">
      <marc:subfield code="a">Angaben aus der Verlagsmeldung

Der Mensch - Anatomie und Physiologie Schwegler, Mensch Anatomie, A7, print / von Johann S. Schwegler, Runhild Lucius

Aufbau und Funktion des menschlichen Körpers verstehen

Du machst eine Ausbildung im Pflegebereich oder in einem anderen Gesundheitsberuf und möchtest den menschlichen Körper verstehen? Das Lehrbuch hilft dir dabei, die Grundlagen der Anatomie und Physiologie des Menschen zu erlernen und die Zusammenhänge zur Pflegepraxis und Krankheitslehre zu verstehen - ob zur Vorbereitung auf das Examen oder als Nachschlagewerk im Alltag.
Anhand zahlreicher anatomischer Abbildungen und Infokästen wird komplexes Fachwissen anschaulich und leicht verständlich erklärt. Teste mit Lernkontrollfragen, ob Du fit für die Prüfung bist. Als Extras gibt es ein Lernposter Anatomie und einen Glossar mit Vokabeln.

Neu in dieser Auflage:
Das Kapitel „Besondere Lebensphasen: Kindheit und Alter“, wodurch die Anforderungen der neuen generalistischen Ausbildung jetzt noch stärker berücksichtigt werden. Außerdem viele neue Lernkontrollfragen sowie die Überarbeitung und Aktualisierung aller bereits bestehenden Kapitel.
</marc:subfield>
   </marc:datafield>
   <marc:datafield ind1=" " ind2=" " tag="020">
      <marc:subfield code="a">9783132437562</marc:subfield>
      <marc:subfield code="9">9783132437562</marc:subfield>
   </marc:datafield>
   <marc:datafield ind1=" " ind2=" " tag="020">
      <marc:subfield code="a">3132437565</marc:subfield>
      <marc:subfield code="9">3132437565</marc:subfield>
   </marc:datafield>
   <marc:datafield ind1=" " ind2=" " tag="041">
      <marc:subfield code="a">ger</marc:subfield>
   </marc:datafield>
   <marc:datafield ind1=" " ind2=" " tag="300">
      <marc:subfield code="a">648 Seiten</marc:subfield>
   </marc:datafield>
</marc:record>
